Joji - Pretty Boy - Lyrics - Statistics

General Stats
  • This quiz has been taken 18 times
  • The average score is 63 of 97
Answer Stats
Answer % Correct
a,
100%
a,
100%
a
100%
a
100%
a
100%
a
100%
a
100%
a
100%
boy
100%
boy
100%
I
100%
I'm
100%
I'm
100%
I'm
100%
I'm
100%
I'm
100%
I'm
100%
I'm
100%
I'm
100%
pretty
100%
pretty
100%
you
100%
livin'
90%
Livin'
90%
livin'
90%
me
90%
me
90%
Side,
90%
Side,
90%
West
90%
West
90%
cry,
80%
hear
80%
on
80%
on
80%
on
80%
so
80%
so
80%
the
80%
the
80%
loud
70%
never
70%
and
60%
and
60%
baby,
60%
baby
60%
baby,
60%
baby
60%
my
60%
no
60%
No
60%
no
60%
Oh
60%
Oh,
60%
Oh
60%
oh
60%
See
60%
could
50%
eyes,
50%
tears
50%
these
50%
these
50%
these
50%
these
50%
these
50%
these
50%
blue
40%
bring
40%
down
40%
hills
40%
hills
40%
hills
40%
hills
40%
hills
40%
hills
40%
life,
40%
night
40%
pills
40%
poppin'
40%
sippin'
40%
tell
40%
they
40%
they
40%
burn
30%
lies
30%
more
30%
more
30%
myself
30%
run
30%
sleep
30%
to
30%
Amongst
20%
amongst
20%
at
20%
bright
20%
finest,
20%
fears
10%
No matching quizzes found
Score Distribution
Percent of People with Each Score
Percentile by Number Answered
Your Score History
You have not taken this quiz